Jóvenes: semilla para la reconciliación (Record no. 61054)

MARC details
000 -LEADER
campo de control de longitud fija 01015nac a2200253 a 4500
003 - IDENTIFICADOR DE NÚMERO DE CONTROL
campo de control Co-PeBPM
005 - FECHA Y HORA DE LA ÚLTIMA TRANSACCIÓN
campo de control 20250721152955.0
008 - DATOS DE LONGITUD FIJA--INFORMACIÓN GENERAL
campo de control de longitud fija 250721b |||||||| |||| 00| 0 spa d
040 0# - FUENTE DE CATALOGACIÓN
Centro catalogador/agencia de origen Co-PeBPM
Lengua de catalogación spa
Centro/agencia transcriptor Co-PeBPM
Normas de descripción rda
041 0# - CÓDIGO DE IDIOMA
Código de lengua del texto/banda sonora o título independiente Co-PeBPM
082 ## - NÚMERO DE LA CLASIFICACIÓN DECIMAL DEWEY
Número de clasificación 305.23 R63j
100 ## - ENTRADA PRINCIPAL--NOMBRE DE PERSONA
Nombre de persona Rodríguez Azuero, Jaime.
245 10 - MENCIÓN DEL TÍTULO
Título Jóvenes: semilla para la reconciliación
Resto del título : el arte de perdonar
Mención de responsabilidad, etc. / textos Jaime Rodríguez Azuero, Lola Viviana Esguerra Villamizar ; ilustración Pedro Covo.
250 ## - MENCION DE EDICION
Mención de edición Editor general Camilo Henao Medina.
260 ## - PUBLICACIÓN, DISTRIBUCIÓN, ETC.
Lugar de publicación, distribución, etc. [Lugar de publicación no identificado]
Nombre del editor, distribuidor, etc. : Publicaciones Semana
Fecha de publicación, distribución, etc. , 2015
300 ## - DESCRIPCIÓN FÍSICA
Extensión 120 páginas
Otras características físicas : ilustraciones
Dimensiones ; 16 x 24 cm.
504 ## - NOTA DE BIBLIOGRAFÍA, ETC.
Nota de bibliografía, etc. Incluye referencias bibliográficas (página 119)
650 14 - PUNTO DE ACCESO ADICIONAL DE MATERIA--TÉRMINO DE MATERIA
Fuente del encabezamiento o término LEMB
Término de materia o nombre geográfico como elemento de entrada Jóvenes
Subdivisión general Actividad política.
650 14 - PUNTO DE ACCESO ADICIONAL DE MATERIA--TÉRMINO DE MATERIA
Fuente del encabezamiento o término LEMB
Término de materia o nombre geográfico como elemento de entrada Jóvenes
Subdivisión general Condiciones sociales.
700 ## - ENTRADA AGREGADA--NOMBRE PERSONAL
Nombre de persona Esguerra Villamizar, Viviana.
700 ## - ENTRADA AGREGADA--NOMBRE PERSONAL
Nombre de persona Covo, Pedro,
Término indicativo de función/relación , ilustrador.
700 ## - ENTRADA AGREGADA--NOMBRE PERSONAL
Nombre de persona Henao Medina, Camilo
Fechas asociadas al nombre , editor.
942 ## - ELEMENTOS DE ENTRADA SECUNDARIOS (KOHA)
Fuente del sistema de clasificación o colocación Clasificación Decimal Dewey
Tipo de ítem Koha Libros
Suprimir en OPAC No
Holdings
Estatus retirado Estado de pérdida Fuente del sistema de clasificación o colocación Estado de daño No para préstamo Colección Biblioteca de origen Biblioteca actual Ubicación en estantería Fecha de adquisición Total de préstamos Signatura topográfica completa Código de barras Visto por última vez Copia número Precio de reemplazo Tipo de ítem Koha
    Clasificación Decimal Dewey     General BIBLIOTECA HUGO ANGEL JARAMILLO BIBLIOTECA HUGO ANGEL JARAMILLO Colección general 21/07/2025   305.23 R63j 62066 21/07/2025 Ej. 1 21/07/2025 Libros

Powered by Koha